000052226 001__ 52226
000052226 005__ 20240207151352.0
000052226 037__ $$aGSI-SR2012-PNI-IONS-EXP-24
000052226 041__ $$aEnglish
000052226 0881_ $$aGSI Report 2013-1
000052226 088__ $$2GSI$$aGSI Report 2013-1
000052226 1001_ $$0P:(DE-HGF)0$$aBusold, S.$$b0
000052226 245__ $$aTransport and focusing of laser-accelerated protons at Z6
000052226 260__ $$aDarmstadt$$bGSI Helmholtzzentrum für Schwerionenforschung$$c2013
000052226 29510 $$aScientific Report 2012
000052226 300__ $$a332 p.
000052226 3367_ $$0PUB:(DE-HGF)7$$2PUB:(DE-HGF)$$aContribution to a book$$bcontb$$mcontb$$s1369824585_7211
000052226 3367_ $$2DRIVER$$abookPart
000052226 3367_ $$2BibTeX$$aINBOOK
000052226 3367_ $$07$$2EndNote$$aBook Section
000052226 3367_ $$0PUB:(DE-HGF)15$$2PUB:(DE-HGF)$$aInternal Report$$mintrep
000052226 4900_ $$aGSI Report$$v2013-1$$x0171-4546
000052226 4900_ $$aGSI Scientific Report$$v2012$$x0174-0814
000052226 500__ $$aExperiment : P036
000052226 536__ $$0G:(DE-HGF)POF2-543$$a543 - Ions (POF2-543)$$cPOF2-543$$fPOF II$$x0
000052226 536__ $$0G:(DE-Ds200)LandHessen-LOEWE-HIC4FAIR$$aHIC4FAIR - HIC for FAIR - Helmholtz International Center for FAIR - Data Analysis, Theory and Simulations (LandHessen-LOEWE-HIC4FAIR)$$cLandHessen-LOEWE-HIC4FAIR$$x1
000052226 536__ $$0G:(DE-Ds200)HGF-HIJ$$aHIJ - Helmholtz-Institut Jena (HGF-HIJ)$$cHGF-HIJ$$x2
000052226 536__ $$0G:(DE-Ds200)SUC-GSI-DA$$aSUC-GSI-Darmstadt - Strategic university cooperation GSI-TU Darmstadt (SUC-GSI-DA)$$cSUC-GSI-DA$$x3
000052226 536__ $$0G:(DE-Ds200)EXP:GSI-EXP-P036-ohneJahr$$aGSI-EXP-P036-ohneJahr - Laser Ion Acceleration Test Stand at GSI (EXP:GSI-EXP-P036-ohneJahr)$$cEXP:GSI-EXP-P036-ohneJahr$$x4
000052226 7001_ $$0P:(DE-Ds200)OR2033$$aSchumacher, D.$$b1$$ugsi
000052226 7001_ $$0P:(DE-HGF)0$$aDeppert, O.$$b2
000052226 7001_ $$0P:(DE-HGF)0$$aBrabetz, C.$$b3
000052226 7001_ $$0P:(DE-HGF)0$$aKroll, F.$$b4
000052226 7001_ $$0P:(DE-HGF)0$$aJoost, M.$$b5
000052226 7001_ $$0P:(DE-HGF)0$$aAl Omari, H.$$b6
000052226 7001_ $$0P:(DE-Ds200)OR0122$$aBlazevic, A.$$b7$$ugsi
000052226 7001_ $$0P:(DE-Ds200)OR1443$$aZielbauer, B.$$b8$$ugsi
000052226 7001_ $$0P:(DE-Ds200)OR0051$$aBagnoud, V.$$b9$$ugsi
000052226 7001_ $$0P:(DE-Ds200)OR0484$$aHofmann, I.$$b10$$ugsi
000052226 7001_ $$0P:(DE-HGF)0$$aRoth, M.$$b11
000052226 8564_ $$ySR2012-PNI-IONS-EXP-24
000052226 8564_ $$uhttps://repository.gsi.de/record/52226/files/PNI-IONS-EXP-24.pdf$$yOpenAccess
000052226 909CO $$ooai:repository.gsi.de:52226$$pdnbdelivery$$pdriver$$pVDB$$popen_access$$popenaire$$qec_fundedresources
000052226 915__ $$0StatID:(DE-HGF)0510$$2StatID$$aOpenAccess
000052226 9141_ $$y2013
000052226 9101_ $$0I:(DE-Ds200)20121206GSI$$6P:(DE-Ds200)OR2033$$aGSI Helmholtzzentrum für Schwerionenforschung GmbH$$b1$$kGSI
000052226 9101_ $$0I:(DE-Ds200)20121206GSI$$6P:(DE-Ds200)OR0122$$aGSI Helmholtzzentrum für Schwerionenforschung GmbH$$b7$$kGSI
000052226 9101_ $$0I:(DE-Ds200)20121206GSI$$6P:(DE-Ds200)OR1443$$aGSI Helmholtzzentrum für Schwerionenforschung GmbH$$b8$$kGSI
000052226 9101_ $$0I:(DE-Ds200)20121206GSI$$6P:(DE-Ds200)OR0051$$aGSI Helmholtzzentrum für Schwerionenforschung GmbH$$b9$$kGSI
000052226 9101_ $$0I:(DE-Ds200)20121206GSI$$6P:(DE-Ds200)OR0484$$aGSI Helmholtzzentrum für Schwerionenforschung GmbH$$b10$$kGSI
000052226 9131_ $$0G:(DE-HGF)POF2-543$$1G:(DE-HGF)POF2-540$$2G:(DE-HGF)POF2-500$$3G:(DE-HGF)POF2$$4G:(DE-HGF)POF$$aDE-HGF$$bStruktur der Materie$$lForschung mit Photonen, Neutronen, Ionen$$vIons$$x0
000052226 920__ $$lyes
000052226 9201_ $$0I:(DE-Ds200)BUD-20051214OR030$$kBUD$$lBibliothek & Dokumentation$$x0
000052226 9201_ $$0I:(DE-Ds200)Ext-HIJ$$kHIJ$$lExternal Helmholtz Institute: HIJ$$x1
000052226 9201_ $$0I:(DE-Ds200)PPH-20051214OR027$$kPPH$$lPlasmaphysik / PHELIX$$x2
000052226 9201_ $$0I:(DE-Ds200)ATP-20051214OR020$$kATP$$lAtomphysik$$x3
000052226 970__ $$aGSI-SR2012-PNI-IONS-EXP-24
000052226 9801_ $$aGSI Scientific Report 2012
000052226 9801_ $$aGSI Scientific Report
000052226 9801_ $$aGSI Report 2013-1
000052226 9801_ $$aGSI Report
000052226 9801_ $$aFullTexts
000052226 9801_ $$aGSIasPublisher
000052226 980__ $$acontb
000052226 980__ $$aVDB
000052226 980__ $$aGSI Scientific Report 2012
000052226 980__ $$aGSI Scientific Report
000052226 980__ $$aGSI Report
000052226 980__ $$aGSI Report 2013
000052226 980__ $$aGSIasPublisher
000052226 980__ $$aUNRESTRICTED
000052226 980__ $$aintrep
000052226 980__ $$aI:(DE-Ds200)20120319OR030
000052226 980__ $$aI:(DE-Ds200)BUD-20051214OR030
000052226 980__ $$aI:(DE-Ds200)Ext-HIJ
000052226 980__ $$aI:(DE-Ds200)20110831OR027
000052226 980__ $$aI:(DE-Ds200)PPH-20051214OR027
000052226 980__ $$aI:(DE-Ds200)20110830OR020
000052226 980__ $$aI:(DE-Ds200)ATP-20051214OR020
000052226 980__ $$aFullTexts